| 000 | 01321cad a22002415a 4500 | ||
|---|---|---|---|
| 001 | L153732 | ||
| 008 | 110823s2011 xxk f 000 0 eng d | ||
| 035 | _a(Sirsi) u153732 | ||
| 041 | 0 | _aeng | |
| 050 | 0 | 4 | _a333.33 $2 18 |
| 110 | 2 |
_aCB Richard Ellis _93675 |
|
| 245 | 0 | 0 |
_aSovereign debt, global market volatility and commercial real estate _h[electronic resource] |
| 260 |
_a[S.l.] _bCBRE _c2011 |
||
| 490 | 0 |
_aCB Richard Ellis Global ViewPoint _vAugust 2011 |
|
| 520 | _aAuthoritative overview of the impact of sovereign global market volatility on the commercial real estate market. Covers the prime drivers of the recent volatility, the main issues for investors, how the emerging markets are faring in this environment, the short-term implications for real estate investors, and the implications for real estate fundamental and investment transactions. | ||
| 590 | _aKA NTK | ||
| 650 | 2 | 4 | _aCB RICHARD ELLIS GLOBAL VIEWPOINT |
| 651 | 4 | _aInternational | |
| 690 | _aPROPERTY-COMMERCIAL PROPERTY-COMMERCIAL PROPERTY FINANCE AND INVESTMENT | ||
| 690 | _aPROPERTY-COMMERCIAL PROPERTY-COMMERCIAL PROPERTY MARKET | ||
| 856 | 4 | 0 |
_uhttps://www.cbre.co.uk/portal/page/portal/uk_en/research _zView the report free of charge (type Sovereign Debt in the keyword box and click on search) at www.cbre.co.uk |
| 942 | _n0 | ||
| 999 |
_c112676 _d112676 |
||